Earliest Members of the British Commonwealth - Statistics

General Stats
  • This quiz has been taken 43 times
  • The average score is 11 of 14
Answer Stats
Hint Answer % Correct
1931 Australia
100%
1931 New Zealand
100%
1931 Canada
95%
1947 India
92%
1947 Pakistan
92%
1931 South Africa
92%
1931 United Kingdom
84%
1948 Sri Lanka
70%
1957 Malaysia
65%
1960 Nigeria
65%
1961 Cyprus
59%
1957 Ghana
54%
1961 Tanzania
54%
1961 Sierra Leone
35%
No matching quizzes found
Score Distribution
Percent of People with Each Score
Percentile by Number Answered
Your Score History
You have not taken this quiz